000 00959nam a2200289 a 4500
001 60899
003 BD-RjUL
005 20211209080908.0
008 170104r19991996enka 001 0 eng d
020 _a8120313690
035 _a(BD-RjUL)61023
040 _aBD-RjUL
_beng
_cBD-RjUL
_dBD-RjUL
041 _aeng
082 _223
_a658.150941
_bPIC 1999
100 1 _aPike, Richard
_q(Richard H.)
_9181567
245 1 0 _aCorporate finance and investment :
_bdecisions and strategies /
_cRichard Pike and Bill Neale
250 _a2nd ed.
260 _aLondon :
_bPrentice Hall Europe,
_cc1996 [Reprinted 1999]
300 _axx, 765 p :
_bill ;
_c25 cm.
500 _aPrevious ed.: 1996.
504 _aIncludes bibliographical references.
650 0 _aCorporations
_zEurope
_xFinance.
_9181568
650 0 _aCorporations
_zGreat Britain
_xFinance.
_9180569
650 0 _aInvestments
_zGreat Britain.
_9181569
700 1 _aNeale, Bill.
_9181570
942 _2ddc
_cBK
999 _c60899
_d60899